| 000 -CABECERA |
| fixed length control field |
01116nam a22002777a 4500 |
| 003 - IDENTIFICADOR DEL NÚMERO DE CONTROL |
| control field |
AR-CdUCM |
| 008 - DATOS DE LONGITUD FIJA--INFORMACIÓN GENERAL |
| fixed length control field |
190409b ||||| |||| 00| 0 spa d |
| 040 ## - FUENTE DE LA CATALOGACIÓN |
| Agencia/entidad que catalogó originalmente la obra |
MUNICIPALIDAD PROVINCIAL DEL CUSCO |
| Entidad que transcribió la catalogación |
BIBLIOTECA MUNICIPAL DEL CUSCO |
| 082 ## - NÚMERO DE LA CLASIFICACIÓN DECIMAL DEWEY |
| No. de Clasificación |
869.5591 / |
| Notacion interna |
T81 / 1946 |
| 100 ## - ENTRADA PRINCIPAL--NOMBRE DE PERSONA |
| Nombre Personal |
Tristán, Flora |
| 245 ## - MENCIÓN DE TÍTULO |
| Título |
Peregrinaciones de una paria / |
| 260 ## - PUBLICACIÓN, DISTRIBUCIÓN, ETC. |
| Lugar de publicación, distribución, etc. |
Lima : |
| Nombre de la editorial, distribuidor, etc. |
Cultura Antártica, |
| Fecha de publicación, distribución, etc. |
1946 |
| 300 ## - DESCRIPCIÓN FÍSICA |
| Nº de Páginas Extensión |
2 tomos ; |
| Dimensiones |
24 cm. |
| Otros detalles físicos |
retrato, |
| 440 ## - MENCIÓN DE SERIE/PUNTO DE ACCESO ADICIONAL--TÍTULO |
| Título |
Viajeros en el Perú. |
| Número de la parte/sección de una obra |
1 |
| 9 (RLIN) |
30462 |
| 505 ## - NOTA DE CONTENIDO CON FORMATO |
| Nota de contenido formateada |
Contenido: t.1: El Mexicano -- La praya -- La vida a bordo -- Valparaíso -- El Leonidas .. -- t.2: Don Pío de Tristan y su familia -- La república y los tres presidentes -- Los conventos de Arequipa -- La batalla de Cangallo -- Una tentación ... |
| 650 ## - PUNTO DE ACCESO ADICIONAL DE MATERIA--TÉRMINO DE MATERIA |
| Descriptor |
Literatura Peruana |
| 9 (RLIN) |
132 |
| 650 ## - PUNTO DE ACCESO ADICIONAL DE MATERIA--TÉRMINO DE MATERIA |
| Descriptor |
Siglo XX |
| 9 (RLIN) |
8 |
| 650 ## - PUNTO DE ACCESO ADICIONAL DE MATERIA--TÉRMINO DE MATERIA |
| Descriptor |
Historia |
| 9 (RLIN) |
136 |
| 650 ## - PUNTO DE ACCESO ADICIONAL DE MATERIA--TÉRMINO DE MATERIA |
| Descriptor |
Descripciones y viajes |
| 9 (RLIN) |
497 |
| 700 ## - PUNTO DE ACCESO ADICIONAL--NOMBRE DE PERSONA |
| Nombre Personal |
Romero, Emilia (traducción) |
| 9 (RLIN) |
28916 |
| 700 ## - PUNTO DE ACCESO ADICIONAL--NOMBRE DE PERSONA |
| Nombre Personal |
Basadre, Jorge (prólogo) |
| 9 (RLIN) |
10465 |
| 942 ## - ELEMENTOS DE PUNTO DE ACCESO ADICIONAL (KOHA) |
| Fuente de clasificación |
|
| Tipo de item |
Libros-BMC |
| 945 ## - PROCESAMIENTO DE INFORMACIÓN LOCAL (OCLC) |
| Catalogador |
achl |
| AAAA-MM-DD - Fecha de ingreso o modificacion |
2019-04-09 |